Youth and society : (Record no. 810)

000 -LEADER
fixed length control field 01422cam a2200469 a 4500
003 - CONTROL NUMBER IDENTIFIER
control field OCoLC
005 - DATE AND TIME OF LATEST TRANSACTION
control field 20210621072049.0
008 - FIXED-LENGTH DATA ELEMENTS--GENERAL INFORMATION
fixed length control field 080603s2008 onc b 001 0 eng
020 ## - INTERNATIONAL STANDARD BOOK NUMBER
International Standard Book Number 9781551303536
020 ## - INTERNATIONAL STANDARD BOOK NUMBER
International Standard Book Number 1551303531
029 0# - OTHER SYSTEM CONTROL NUMBER (OCLC)
OCLC library identifier NLC
System control number 20089027922
040 ## - CATALOGING SOURCE
Transcribing agency NLC
043 ## - GEOGRAPHIC AREA CODE
Geographic area code n-cn---
050 #4 - LIBRARY OF CONGRESS CALL NUMBER
Classification number HQ799.C2
Item number T99 2009
055 02 - CLASSIFICATION NUMBERS ASSIGNED IN CANADA
Classification number HQ799*
055 #3 - CLASSIFICATION NUMBERS ASSIGNED IN CANADA
Classification number HQ799 C3
Item number T99 2008
055 00 - CLASSIFICATION NUMBERS ASSIGNED IN CANADA
Classification number HQ799 C3
Item number T99 2008
090 ## - LOCALLY ASSIGNED LC-TYPE CALL NUMBER (OCLC); LOCAL CALL NUMBER (RLIN)
Classification number (OCLC) (R) ; Classification number, CALL (RLIN) (NR) 305.23509 TYY
090 ## - LOCALLY ASSIGNED LC-TYPE CALL NUMBER (OCLC); LOCAL CALL NUMBER (RLIN)
Classification number (OCLC) (R) ; Classification number, CALL (RLIN) (NR) 305.23509 T938 2008
100 1# - MAIN ENTRY--PERSONAL NAME
Personal name Tyyskä, Vappu,
Dates associated with a name 1956-
245 10 - TITLE STATEMENT
Title Youth and society :
Remainder of title the long and winding road /
Statement of responsibility, etc. Vappu Tyyskä.
250 ## - EDITION STATEMENT
Edition statement Second edition
260 ## - PUBLICATION, DISTRIBUTION, ETC.
Place of publication, distribution, etc. Toronto :
Name of publisher, distributor, etc. Canadian Scholars' Press,
Date of publication, distribution, etc. [2008].
300 ## - PHYSICAL DESCRIPTION
Extent vi, 328 pages ;
Dimensions 25 cm.
336 ## - CONTENT TYPE
Content type term text
Content type code txt
Source rdacontent
337 ## - MEDIA TYPE
Media type term unmediated
Media type code n
Source rdamedia
338 ## - CARRIER TYPE
Carrier type term volume
Carrier type code nc
Source rdacarrier
500 ## - GENERAL NOTE
General note Originally publ. under title: Long and winding road.
500 ## - GENERAL NOTE
General note Includes index.
504 ## - BIBLIOGRAPHY, ETC. NOTE
Bibliography, etc. note Includes bibliographical references: p. 261-306.
650 #0 - SUBJECT ADDED ENTRY--TOPICAL TERM
Topical term or geographic name entry element Adolescence
Geographic subdivision Canada.
650 #0 - SUBJECT ADDED ENTRY--TOPICAL TERM
Topical term or geographic name entry element Teenagers
Geographic subdivision Canada.
700 1# - ADDED ENTRY--PERSONAL NAME
Personal name Tyyskä, Vappu,
Dates associated with a name 1956-
Title of a work Long and winding road.
910 ## - USER-OPTION DATA (OCLC)
User-option data Canadian.
942 ## - ADDED ENTRY ELEMENTS (KOHA)
Source of classification or shelving scheme
Koha item type Book
Suppress in OPAC DO
Holdings
Withdrawn status Lost status Source of classification or shelving scheme Damaged status Not for loan Permanent Location Current Location Shelving location Date acquired Total Checkouts Full call number Barcode Date last seen Copy number Price effective from Koha item type Public note
          AU LIBRARY AU LIBRARY Open Shelf 21.06.2021   HQ799.C2 T99 2009 C1 28001576 21.06.2021 1 21.06.2021 Book DO
          AU LIBRARY AU LIBRARY Open Shelf 21.06.2021   HQ799.C2 T99 2009 C2 28001577 21.06.2021 2 21.06.2021 Book DO

Powered by Koha